header

The anti-Jacobin novel (Record no. 15362)

MARC details
000 -LEADER
fixed length control field 01870nam a2200421 a 4500
082 04 - DEWEY DECIMAL CLASSIFICATION NUMBER
Classification number 823/.609358
100 1# - MAIN ENTRY--AUTHOR NAME
Personal name Grenby, M. O.
245 14 - TITLE STATEMENT
Title The anti-Jacobin novel
260 ## - PUBLICATION, DISTRIBUTION, ETC. (IMPRINT)
Place of publication Cambridge ;
-- New York :
Name of publisher Cambridge University Press,
Year of publication 2001.
300 ## - PHYSICAL DESCRIPTION
Number of Pages xiii, 271 p.
490 1# - SERIES STATEMENT
Series statement Cambridge studies in Romanticism ;
650 #0 - SUBJECT ADDED ENTRY--TOPICAL TERM
Topical Term English fiction
Topical Term English fiction
Topical Term Conservatism
Topical Term Conservatism
Topical Term Political fiction, English
Topical Term English fiction
Topical Term Romanticism
Topical Term Conservatism in literature.
Topical Term Jacobins in literature.
856 40 - ELECTRONIC LOCATION AND ACCESS
Uniform Resource Identifier http://site.ebrary.com/lib/rucke/Doc?id=10006837

No items available.

© 2026 Rongo University
Contact us: librarian | system librarian | Rongo university